[Event "ESP-ch U12"]
[Site "Salobrena"]
[Date "2012.07.06"]
[Round "7.14"]
[White "Iglesias Feijoo, Alberto"]
[Black "Guerrero Orihuela, Jose Luis"]
[Result "1/2-1/2"]
[WhiteElo "1660"]
[BlackElo "1491"]
[PlyCount "110"]
[EventDate "2012.07.02"]
[EventType "swiss"]
[EventRounds "9"]
[EventCountry "ESP"]
[SourceTitle "EXT 2024"]
[Source "ChessBase"]
[SourceDate "2023.10.10"]
[SourceVersion "1"]
[SourceVersionDate "2023.10.10"]
[SourceQuality "1"]

1. e4 c5 2. Nf3 e6 3. d4 cxd4 4. Nxd4 a6 5. Nc3 b5 6. a3 Bb7 7. Bd3 d6 8. 0-0 Nf6 9. Bg5 Nbd7 10. Re1 Be7 11. h3 Rc8 12. Kh1 0-0 13. f4 h6 14. Bxf6 Bxf6 15. Be2 Qb6 16. e5 dxe5 17. Ndxb5 Rfd8 18. Nd6 Rc7 19. Nxb7 Qxb2 20. Nxd8 Qxc3 21. Qd3 Qxd3 22. cxd3 exf4 23. Rac1 Bxd8 24. Rxc7 Bxc7 25. Rc1 Bb6 26. d4 a5 27. Rd1 Nf6 28. Bf3 Kf8 29. Kh2 Ke7 30. g3 fxg3+ 31. Kxg3 Bc7+ 32. Kf2 Kd6 33. Rb1 Nd7 34. Rc1 Nb6 35. Rc6+ Kd7 36. Rc5 Nc8 37. Bc6+ Kd6 38. Be8 Nb6 39. Rxa5 Nd5 40. Ra6+ Ke7 41. Bc6 Bb6 42. Ra4 Kd6 43. Bxd5 Kxd5 44. Ra8 Bxd4+ 45. Ke2 Ke4 46. a4 f5 47. a5 g5 48. Rg8 Kf4 49. Rg6 g4 50. hxg4 fxg4 51. Rxh6 Kg5 52. Rxe6 g3 53. Kf3 Kf5 54. Re4 g2 55. Rf4+ Ke5 1/2-1/2

[Event "ESP-ch U12"]
[Site "Salobrena"]
[Date "2012.07.04"]
[Round "4.2"]
[White "Bayo Milagro, Alvaro"]
[Black "Iglesias Feijoo, Alberto"]
[Result "1-0"]
[WhiteElo "1856"]
[BlackElo "1660"]
[PlyCount "67"]
[EventDate "2012.07.02"]
[EventType "swiss"]
[EventRounds "9"]
[EventCountry "ESP"]
[SourceTitle "EXT 2024"]
[Source "ChessBase"]
[SourceDate "2023.10.10"]
[SourceVersion "1"]
[SourceVersionDate "2023.10.10"]
[SourceQuality "1"]

1. e4 e6 2. d4 d5 3. Nc3 dxe4 4. Nxe4 Nd7 5. Bd3 Ngf6 6. Qe2 Nxe4 7. Bxe4 Nf6 8. Bxb7 Bxb7 9. Qb5+ Qd7 10. Qxb7 Qd5 11. Qxd5 Nxd5 12. a3 c5 13. dxc5 Bxc5 14. Nf3 Rc8 15. Bd2 Bd6 16. Rc1 Bf4 17. 0-0 0-0 18. Rfd1 Rfd8 19. c4 Bxd2 20. Rxd2 Nf4 21. Rxd8+ Rxd8 22. Kf1 f6 23. c5 Rc8 24. b4 e5 25. Nd2 a5 26. g3 Ne6 27. Nc4 axb4 28. axb4 Nd4 29. Nd6 Rc7 30. Rc3 Ne6 31. c6 Kf8 32. b5 Nd8 33. b6 Rxc6 34. b7 1-0